Oregon Interstate Quiz - Statistics

General Stats
  • This quiz has been taken 25 times
  • The average score is 5 of 6
Answer Stats
Major Cities Answer % Correct
Medford, Eugene, Salem, Portland Interstate 5
100%
Portland, The Dalles, Pendleton, Ontario Interstate 84
94%
Tualatin, Oregon City, Portland Interstate 205
89%
Portland Interstate 405
78%
Springfield, Eugene Interstate 105
72%
Hermiston, Umatilla Interstate 82
67%
No matching quizzes found
Score Distribution
Percent of People with Each Score
Percentile by Number Answered
Your Score History
You have not taken this quiz